000 00537nam a22001817a 4500
005 20230401162514.0
008 230125b |||||||| |||| 00| 0 eng d
020 _a978-084939014-2
041 _aeng
082 _a615.1 AUG- P
100 _aAUGSBURGER, LARRY L. AND HOAG , STEPHEN W
_97627
245 _aPHARMACUETICAL DOSAGE FROM : TABLETS UNIT OPERATIONS AND MECHANICAL PROPERTIES VOL -1
250 _a3rd ed.
260 _bINFORMA HEALTHCARE
300 _a639;P.
650 _aPHARMACY
_xB.PHARMA
_97628
942 _cBK
999 _c8216
_d8214